[Event "Stay Safe Play From Home 149"]
[Site "T#646041Emanuel Laske"]
[Date "2020.05.14"]
[Round "7"]
[White "SoulofWolf"]
[Black "Nagaram"]
[Result "1-0"]
[WhiteElo "2098"]
[BlackElo "1711"]
[Annotator "TA"]
[PlyCount "31"]
[EventDate "2020.05.14"]
[EventType "swiss (blitz)"]

{[%evp 9,30,-43,-14,-35,-8,-14,-10,-16,-12,-14,0,0,27,-9,0,0,86,62,139,-43,45,-22,29999]} 1. e4 e5 2. Nc3 Nf6 3. Nf3 Nc6 4. h3 Bb4 5. d3 d6 6. Bg5 {C47: Scotch Four Knights and Four Knights with 4 g3.} Bxc3+ 7. bxc3 h6 8. Bh4 {The position is equal.} g5 9. Bg3 {[#]} Be6 $146 ({Predecessor:} 9... Qe7 10. Be2 g4 11. hxg4 Bxg4 12. Bh4 O-O-O 13. Nh2 Bxe2 14. Qxe2 Rhg8 15. Qf3 Rg6 {1-0 (45) Assuncao,J (1817)-Guimaraes Lima,W (1798) Teresina 2001}) 10. Be2 Qd7 11. O-O O-O-O 12. Rb1 g4 (12... Rdg8 $11) 13. hxg4 $16 {And now Bh4 would win.} Bxg4 ({Black should try} 13... Rdg8 $1 $14) 14. Qc1 $2 (14. Bh4 $16 Nh5 15. Bxd8 Nxd8 16. Nh2 (16. Nxe5 Bxe2 17. Qxe2 Nf4 $11) 16... Bxe2 17. Qxe2) 14... h5 ({Better is} 14... Rhg8 $15) 15. Qb2 (15. Bh4 $14 Qe6 16. Ng5 (16. Qb2 b6 $16)) 15... h4 $2 {[%mdl 8192] [#]} (15... b6 $11) 16. Qxb7# {Accuracy: White = 57%, Black = 32%.} 1-0

[Event "Stay Safe Play From Home 149"]
[Site "T#646041Emanuel Laske"]
[Date "2020.05.14"]
[Round "7"]
[White "Käptn"]
[Black "Lazieri3"]
[Result "0-1"]
[WhiteElo "2059"]
[BlackElo "1936"]
[Annotator "TA"]
[PlyCount "90"]
[EventDate "2020.05.14"]
[EventType "swiss (blitz)"]

{[%evp 9,90,14,54,33,22,-448,28,14,17,22,41,56,81,53,183,103,137,54,62,27,129,94,154,-437,-430,-493,-486,-523,-510,-489,-506,-509,-391,-392,-271,-382,-330,-316,-304,-457,-447,-456,-452,-430,-434,-429,-422,-466,-422,-454,-450,-427,-406,-487,-501,-506,-497,-715,-672,-614,0,-670,-341,-728,-727,-718,-724,-1790,-1776,-1689,-1663,-1222,-1115,-920,-645,-776,-695,-666,-584,-572,0,-2079,-2079]} 1. c4 c6 2. g3 d5 3. Nf3 Nf6 4. b3 Bf5 5. Bb2 Qc8 6. Bg2 {A12: English Opening: 1...c6 with b3 by White.} Bh3 {[#]} 7. d3 $146 {[%mdl 8192]} (7. O-O $11 {and White stays safe.}) ({Predecessor:} 7. Bxh3 Qxh3 8. Qc2 Na6 9. d3 e6 10. Nbd2 Be7 11. a3 O-O 12. b4 b6 13. Qa4 {½-½ (27) Mojzis,J (2245)-Vavra,J (2160) Czechia 2000}) 7... h5 $2 (7... Bxg2 $19 8. Rg1 Bxf3 9. exf3 Qf5) 8. Bxh3 {White has an edge.} Qxh3 9. Nbd2 Ng4 10. Qc2 Qg2 11. Rf1 h4 {[#]} (11... Nxh2 $14 12. Rg1 Nxf3+ 13. Nxf3 Qh3) 12. gxh4 ({Stronger than} 12. Nxh4 Rxh4 13. gxh4 Nxh2 $11) (12. cxd5 $1 $18 {Strongly threatening Qc4.} Nxh2 13. Rg1 (13. Nxh4 Rxh4 14. gxh4 Nxf1 $11) 13... Nxf3+ 14. Nxf3) 12... Nxh2 13. Nxh2 (13. Rg1 $16 Qh3 14. Bxg7 Bxg7 15. Rxg7) 13... Qxh2 $14 14. Nf3 Qg2 (14... Qc7 $11) 15. O-O-O Nd7 ({Black should try} 15... Qh3) 16. e3 $2 (16. cxd5 $16 {and life is bright.} cxd5 17. Rg1) 16... Qxf3 $19 17. Rg1 Rxh4 18. Bxg7 Bxg7 19. Rxg7 O-O-O 20. cxd5 Qf6 21. Rg2 Ne5 22. dxc6 (22. d4 $142) 22... Qxc6 23. Qxc6+ bxc6 24. Kb2 (24. d4 $142 Ng6 25. Rdg1) 24... Nxd3+ 25. Kc3 Ne5 26. Rxd8+ Kxd8 {[%mdl 4096] Endgame KRN-KR} 27. Rg8+ Kd7 28. Ra8 Kd6 29. Rxa7 Rh2 30. f4 Nd7 31. Ra8 Nb6 32. Rf8 f6 33. Rb8 (33. Rd8+ $142 Kc7 34. Rd3) 33... Kc7 34. Re8 Kd6 35. Rb8 $1 Kc5 {And now ...Nd5+ would win.} 36. Re8 $2 (36. b4+ Kb5 37. a4+ Ka6 38. a5 Nd5+ {[%mdl 64] Double Attack} 39. Kd4) 36... Nd5+ {[%mdl 64] Double Attack} 37. Kd3 Rxa2 38. b4+ Nxb4+ 39. Ke4 Nd5 40. Kf5 Ra4 41. e4 Nxf4 42. Kxf4 e5+ 43. Kf5 {[#]} Kd4 $1 44. Rf8 Ke3 $2 (44... Ra1 $19 45. Rd8+ Ke3 46. Kxf6 Kxe4) 45. Rd8 $2 {[%mdl 8192]} (45. Rxf6 $11 Rc4 46. Kxe5) 45... Rxe4 {Accuracy: White = 31%, Black = 50%.} 0-1

[Event "Stay Safe Play From Home 149"]
[Site "T#646041Emanuel Laske"]
[Date "2020.05.14"]
[Round "7"]
[White "Don59as"]
[Black "Little champs"]
[Result "1-0"]
[WhiteElo "1985"]
[BlackElo "2106"]
[Annotator "TA"]
[PlyCount "67"]
[EventDate "2020.05.14"]
[EventType "swiss (blitz)"]

{[%evp 9,67,-33,-29,-37,-29,-48,0,0,50,60,66,63,73,71,74,72,78,0,-12,-32,23,-27,61,72,72,80,100,100,106,52,50,53,165,154,424,414,441,314,312,249,260,187,409,323,397,319,510,361,481,368,479,434,813,464,1582,527,29992,29993,29995,29996]} 1. c4 c6 2. e4 d5 3. cxd5 cxd5 4. e5 Nc6 5. Nf3 Bg4 6. Bb5 {[#] B10: Caro-Kann: 2 d3 and 2 c4.} Rc8 $146 ({Predecessor:} 6... Qb6 7. Bxc6+ Qxc6 8. d4 Bxf3 9. Qxf3 Qxc1+ 10. Qd1 Qxd1+ 11. Kxd1 e6 12. Nc3 Rc8 {0-1 (33) Rezny,F (1654)-Jiruse,J (2107) Cesky Krumlov 2008}) 7. h3 Bf5 (7... Bxf3 $5 8. Qxf3 e6 $15) 8. O-O {The position is equal.} a6 9. Bxc6+ $1 bxc6 10. d4 e6 11. Nc3 Bb4 12. Bg5 Ne7 13. a3 ({White should play} 13. Nh4 $16) 13... Bxc3 $1 $11 14. bxc3 O-O (14... h6 $15 15. Bxe7 Qxe7) 15. Qd2 f6 ({Black should try} 15... h6 $11 16. Bxe7 Qxe7) 16. exf6 $14 gxf6 17. Bh6 $36 {[%mdl 2048] Black is under strong pressure.} Rf7 18. Rfe1 Ng6 19. g4 ({Better is} 19. h4 $16) 19... Be4 20. Nh2 {Hoping for f3.} f5 (20... Nh4 $1 $14) 21. f3 $18 fxg4 $2 {[#] Now Black is done in.} (21... f4 $16) 22. fxe4 gxh3 23. exd5 Qxd5 24. Qg5 Rf5 25. Qg3 Rc7 $2 {[#]} (25... Kh8) 26. Rf1 Rcf7 27. Rxf5 exf5 (27... Rxf5 $142 28. Rb1 e5 29. Rb8+ Kf7 30. Rb7+ Ke6 31. Rxh7 (31. Qxh3 exd4 32. Nf1 Qf3 $18) 31... Qg2+ 32. Qxg2 hxg2) 28. Rf1 f4 29. Qf3 Qf5 30. Ng4 Nh4 (30... Rb7 $142 31. Qxh3 Kh8) 31. Qe2 Qd7 (31... Ng6 $142 32. Qf3 Kh8 33. Qxh3 Rf6) 32. Ne5 (32. Rb1 $142 {Threatening mate with Rb8+.} h2+ 33. Kxh2 Nf3+ 34. Qxf3) 32... Ng6 33. Nxd7 f3 34. Qe8+ {Accuracy: White = 49%, Black = 25%.} 1-0

[Event "Stay Safe Play From Home 149"]
[Site "T#646041Emanuel Laske"]
[Date "2020.05.14"]
[Round "7"]
[White "Tumnik_ad"]
[Black "Lucknow"]
[Result "1-0"]
[WhiteElo "1935"]
[BlackElo "1782"]
[Annotator "TA"]
[PlyCount "77"]
[EventDate "2020.05.14"]
[EventType "swiss (blitz)"]

{[%evp 9,77,-35,-37,-48,-36,-71,-62,-81,-48,-95,-91,-98,-79,-180,-35,-96,-53,-233,-99,-158,-147,-160,18,0,91,-7,135,106,97,120,140,15,19,9,10,28,35,-32,-30,-35,41,-45,-20,-14,-11,-24,-8,-59,0,0,0,0,0,-53,-53,-178,-171,-222,-163,-151,-70,-167,-18,-20,0,-633,0,0,263,262]} 1. c3 c6 2. d3 d5 3. Nd2 {[#]} e6 $146 ({Predecessor:} 3... e5 4. Qc2 Nd7 5. Ngf3 Ngf6 6. e4 Bd6 7. Be2 Qc7 8. O-O O-O 9. Re1 b6 {0-1 (24) Viard,B (1290)-Priser,V (1180) Fouesnant 2005}) 4. h3 Nf6 5. g4 Bd6 6. Bg2 {A00: Irregular Openings.} h6 7. Nf1 Nbd7 8. Nf3 {Black is slightly better.} e5 9. g5 hxg5 10. Bxg5 Qc7 11. e4 (11. Qc2 $17 {might work better.}) 11... b6 (11... dxe4 $19 12. dxe4 Nxe4) 12. exd5 (12. Qc2 $15) 12... cxd5 13. Qb3 $2 (13. Ne3 $15) 13... Bb7 (13... Nc5 $19 {is more deadly.} 14. Qc2 Ba6) 14. Ne3 (14. d4 $142) 14... Nc5 $17 15. Qc2 Be7 $2 (15... e4 $17 16. dxe4 dxe4) 16. d4 $11 Ncd7 (16... exd4 $11 17. Nxd4 Nfe4 18. Bxe7 Qxe7) 17. O-O-O (17. dxe5 $16 Nxe5 18. O-O-O) 17... O-O-O (17... e4 $11 {remains equal.} 18. Nd2 Ng8 19. Bxe7 Nxe7) 18. dxe5 Nxe5 19. Nxe5 Qxe5 {[#]} 20. Bxf6 (20. Nf5 $1 $16 Bc5 21. b4) 20... Bxf6 21. Rhe1 Qg5 22. Kb1 Kb8 23. Qf5 (23. Ng4 $14) 23... Qxf5+ $15 24. Nxf5 Rhe8 (24... a6 $15) 25. a3 (25. Rxe8 $14 Rxe8 26. Nd6 (26. Bxd5 Bxd5 27. Rxd5 Kc7 $14)) 25... Rxe1 26. Rxe1 Kc7 27. Nd4 Bxd4 28. cxd4 $11 {[%mdl 4096] Endgame KRB-KRB} (28. Re7+ $11 Rd7 29. Rxd7+ Kxd7 30. cxd4) 28... Rd7 (28... Kd6 $15) 29. h4 Kd6 30. Bh3 Re7 31. Rg1 (31. Rxe7 $11 Kxe7 32. Kc2) 31... g6 $15 32. h5 ({White should play} 32. Bg4 $15) 32... gxh5 $19 33. Rg7 (33. Bf5 $142) 33... Re1+ 34. Ka2 Rh1 (34... Ke7 $17 {Strongly threatening ...Ba6.} 35. Rh7 Re4 36. Rxh5 Rxd4) 35. Bf5 {[#]} (35. Rxf7 $15 Ba6 36. Bg2) 35... Rh2 ({Black should try} 35... Ke7 $1 $19 {Threatens to win with ...Kf6.} 36. Rh7 Kf6) 36. Rxf7 $11 Rxf2 {White must now prevent ...Bc8!} 37. Rd7+ Kc6 38. Rf7 {Hoping for Bd7+.} Rf4 $2 {[%mdl 8192]} (38... Rd2 $11) 39. Bd7+ {[%mdl 64] Discovered Attack. Accuracy: White = 36%, Black = 38%.} 1-0

[Event "Stay Safe Play From Home 149"]
[Site "T#646041Emanuel Laske"]
[Date "2020.05.14"]
[Round "7"]
[White "Ionutn28"]
[Black "Indianquant"]
[Result "0-1"]
[WhiteElo "1892"]
[BlackElo "2284"]
[Annotator "TA"]
[PlyCount "80"]
[EventDate "2020.05.14"]
[EventType "swiss (blitz)"]

{[%evp 18,79,0,-18,-14,-8,-15,-19,22,-36,41,-71,24,-50,18,0,0,-91,27,-18,-27,-72,0,-56,-71,-71,-75,-137,-127,-190,-141,-638,-624,-1428,-665,-676,-683,-908,-678,-670,-662,-863,-859,-874,-593,-1414,-826,-732,-708,-674,-668,-908,-891,-1150,-1157,-982,-821,-870,-695,-824,-804,-29995,-29996,-29999]} 1. e4 c5 2. d3 Nc6 3. Nd2 g6 4. Ngf3 Bg7 5. g3 e6 6. Bg2 Nge7 7. O-O O-O 8. Re1 d6 9. c3 {has lost popularity (9.h4).} Rb8 10. Nf1 e5 {A04: Unusual lines after 1 Nf3 and King's Indian Attack.} 11. Be3 b6 12. Qd2 {[#]} f6 $146 {The position is equal.} ({Predecessor:} 12... Re8 13. Bh6 d5 14. Bxg7 Kxg7 15. Ne3 d4 16. Nd5 Be6 17. c4 f6 18. h3 Qd7 {0-1 (75) Tahirovic,A (1938)-Cazzaniga,W (2160) Milan 2008}) 13. h4 (13. d4 $11) 13... Be6 (13... d5 $15) 14. N1h2 (14. d4 $1 $14 {stays ahead.}) 14... Qd7 (14... d5 $17) 15. Bh6 (15. d4 $1 $11) 15... Rfd8 (15... Bxh6 $15 16. Qxh6 d5) 16. Bxg7 $11 Kxg7 17. h5 {[#]} (17. d4 $11 exd4 18. cxd4) 17... Ng8 (17... d5 $1 $17 18. h6+ Kf7 19. exd5 Bxd5) 18. hxg6 (18. d4 {with more complications.} Bh3 19. d5 Nce7 20. Nf1 Bg4 21. hxg6 hxg6 22. Ne3) 18... hxg6 19. Nh4 {[#]} d5 ({Black should play} 19... Nge7 $1 $17 20. f4 Rh8) 20. exd5 (20. f4 $1 $11) 20... Bxd5 $15 21. Bxd5 Qxd5 22. Ng4 ({Better is} 22. Rad1) 22... Qxd3 $17 23. Qc1 (23. Qd1 $17) 23... Qc4 24. Qe3 $2 {[%mdl 8192] This costs White the game.} (24. f4 $17) 24... Qxg4 $19 25. Rad1 Nge7 26. Rxd8 Rxd8 27. Kg2 Nf5 28. Nxf5+ Qxf5 29. b3 Rd3 30. Qe2 e4 31. c4 Ne5 {White must now prevent ...Nf3.} 32. Qxe4 Qxe4+ 33. Rxe4 {[%mdl 4096] Endgame KRN-KR} Rd2 34. g4 g5 35. Kg3 Rd4 36. Re3 Kf7 37. f3 Nd3 38. a4 Nf4 {( -> ...Rd2)} 39. Re1 Rd2 {[%csl Gf4][%cal Rd2g2]} 40. Re3 Rg2# {Accuracy: White = 20%, Black = 46%.} 0-1

[Event "Stay Safe Play From Home 149"]
[Site "T#646041Emanuel Laske"]
[Date "2020.05.14"]
[Round "7"]
[White "Gibiz144"]
[Black "SecantFX"]
[Result "0-1"]
[WhiteElo "1605"]
[BlackElo "1874"]
[Annotator "NA RC"]
[PlyCount "80"]
[EventDate "2020.05.14"]
[EventType "swiss (blitz)"]

1. d4 {[%emt 0:00:01]} b6 {[%emt 0:00:00]} 2. Bg5 {[%emt 0:00:02]} Bb7 {[%emt 0:00:00]} 3. Nf3 {[%emt 0:00:01]} f6 {[%emt 0:00:00]} 4. Bh4 {[%emt 0:00:01]} d6 {[%emt 0:00:00]} 5. Nbd2 {[%emt 0:00:01]} Nd7 {[%emt 0:00:00]} 6. e3 {[%emt 0:00:01]} e5 {[%emt 0:00:00]} 7. dxe5 {[%emt 0:00:02]} Nxe5 {[%emt 0:00:00]} 8. Bd3 {[%emt 0:00:01]} Nxd3+ {[%emt 0:00:01]} 9. cxd3 {[%emt 0:00:01]} Ne7 {[%emt 0:00:01]} 10. Qc2 {[%emt 0:00:01]} Ng6 {[%emt 0:00:01]} 11. Bg3 {[%emt 0:00:01]} Be7 {[%emt 0:00:01]} 12. O-O {[%emt 0:00:01]} O-O {[%emt 0:00:01]} 13. Rad1 {[%emt 0:00:01]} c5 {[%emt 0:00:00]} 14. d4 {[%emt 0:00:01]} cxd4 {[%emt 0:00:01]} 15. Nxd4 {[%emt 0:00:01]} Qd7 {[%emt 0:00:01]} 16. Qb3+ {[%emt 0:00:02]} Kh8 {[%emt 0:00:03]} 17. Ne6 {[%emt 0:00:01]} Rfc8 {[%emt 0:00:01]} 18. Rc1 {[%emt 0:00:03]} d5 {[%emt 0:00:01]} 19. Nd4 {[%emt 0:00:02]} Bc5 {[%emt 0:00:02]} 20. N2f3 {[%emt 0:00:03]} Re8 {[%emt 0:00:02]} 21. Rc2 {[%emt 0:00:02]} Ne5 {[%emt 0:00:01]} 22. Rfc1 {[%emt 0:00:01]} Nxf3+ {[%emt 0:00:01]} 23. Nxf3 {[%emt 0:00:03]} Qg4 {[%emt 0:00:01]} 24. h3 {[%emt 0:00:02]} Qg6 {[%emt 0:00:01]} 25. Nh4 {[%emt 0:00:02]} Qg5 {[%emt 0:00:03]} 26. Rxc5 {[%emt 0:00:02]} bxc5 {[%emt 0:00:01]} 27. Rxc5 {[%emt 0:00:01]} Bc8 {[%emt 0:00:04]} 28. Rxd5 {[%emt 0:00:02]} Be6 {[%emt 0:00:01]} 29. Rxg5 {[%emt 0:00:01]} Bxb3 {[%emt 0:00:01]} 30. Rb5 {[%emt 0:00:03]} Bxa2 {[%emt 0:00:01]} 31. b3 {[%emt 0:00:01]} a6 {[%emt 0:00:03]} 32. Rb7 {[%emt 0:00:02]} Rab8 {[%emt 0:00:03]} 33. Rxb8 {[%emt 0:00:02]} Rxb8 {[%emt 0:00:01]} 34. Bxb8 {[%emt 0:00:00]} g5 {[%emt 0:00:00]} 35. Nf5 {[%emt 0:00:02]} Bb1 {[%emt 0:00:00]} 36. Nd4 {[%emt 0:00:02]} Be4 {[%emt 0:00:02]} 37. Bd6 {[%emt 0:00:00]} Kg7 {[%emt 0:00:01]} 38. Be7 {[%emt 0:00:00]} f5 {[%emt 0:00:01]} 39. Bxg5 {[%emt 0:00:01]} h6 {[%emt 0:00:00]} 40. Bf4 {[%emt 0:00:00]} Kf6 {[%emt 0:00:01] Zeit (Lag: Av=0.42s, max=0.7s)} 0-1

[Event "Stay Safe Play From Home 149"]
[Site "T#646041Emanuel Laske"]
[Date "2020.05.14"]
[Round "8"]
[White "Popovic Milan"]
[Black "Don59as"]
[Result "1-0"]
[WhiteElo "2655"]
[BlackElo "2008"]
[Annotator "TA"]
[PlyCount "45"]
[EventDate "2020.05.14"]
[EventType "swiss (blitz)"]

{[%evp 9,45,64,74,72,61,45,86,87,79,73,87,103,137,98,166,133,290,287,333,260,372,367,361,362,579,562,817,807,822,793,948,937,945,843,908,829,786,788]} 1. e4 e5 2. Nf3 Nc6 3. Bb5 f5 4. d3 Nf6 5. exf5 Be7 6. Bxc6 {C63: Ruy Lopez: Schliemann/Jaenisch Defence.} dxc6 7. Nxe5 Bxf5 {[#]} 8. Qf3 $146 {White is better.} ({Predecessor:} 8. O-O O-O 9. f4 Qd4+ 10. Kh1 Rad8 11. Nd2 Qd5 12. Ndf3 Bc5 13. Qe1 Rde8 14. Qg3 {1-0 (30) Pavlov Pianov,N-Alekhine,A Moscow 1920}) 8... Be6 9. Qe2 Qd5 10. O-O O-O-O 11. Nc3 Qd6 (11... Qc5 $16) 12. Bf4 {Strongly threatening Nf7!} Nd5 $2 (12... Rhe8 $16) 13. Nxd5 Bxd5 14. c4 Be6 {[#]} (14... Bg8 {keeps fighting.} 15. Rfe1 Re8) 15. Ng6 $1 {[%mdl 512]} Qd7 (15... hxg6 16. Bxd6) 16. Nxh8 Rxh8 (16... Bf6 {was worth a try.} 17. Be5 Rxh8) 17. Rfe1 {White is clearly winning.} Bf6 18. Qxe6 Qxe6 19. Rxe6 Bxb2 20. Rae1 Rf8 21. g3 Bf6 22. Re7 Bxe7 23. Rxe7 {[%mdl 64] Double Attack. White took control after the opening. Accuracy: White = 83%, Black = 23%.} 1-0

[Event "Stay Safe Play From Home 149"]
[Site "T#646041Emanuel Laske"]
[Date "2020.05.14"]
[Round "8"]
[White "Shatarchin7"]
[Black "Weltszmerc"]
[Result "0-1"]
[WhiteElo "2301"]
[BlackElo "2159"]
[Annotator "TA"]
[PlyCount "124"]
[EventDate "2020.05.14"]
[EventType "swiss (blitz)"]

{[%evp 9,123,-4,-14,-16,14,16,0,14,27,17,101,41,54,-8,208,74,164,-61,139,20,80,-46,0,0,0,0,0,-22,39,-116,0,0,0,0,-13,-55,-39,-218,-133,-123,-89,-197,-77,-127,-121,-143,-1,-237,-10,-26,-7,-194,-188,-1600,-495,-639,-527,-694,-506,-642,-634,-642,-641,-602,-625,-595,-531,-693,-745,-29976,-29977,-29988,-29989,-29989,-29990,-29991,-29983,-29983,-29984,-29984,-29985,-29984,-29985,-29985,-29986,-29990,-29991,-29991,-29990,-29991,-29992,-29993,-29992,-29993,-29993,-29993,-29992,-29992,-29993,-29993,-29994,-29994,-29995,-29995,-29996,-29996,-29997,-29997,-29998,-29998,-29998,-29998,-29998,-29998,-29999,-29999]} 1. Nf3 Nf6 2. d4 d5 3. c4 c6 4. Nc3 dxc4 5. e4 b5 $1 {[%cal Bb7b5,Bb5b4][%mdl 32]} 6. Be2 {D15: Slav Defence: 4 Nc3 a6 and gambit lines after 4 Nc3 dxc4.} b4 $1 {[%mdl 4] is more profitable than 6...e6 at the moment.} 7. Na4 Nxe4 8. Bxc4 {The position is equal.} Nd6 (8... e6 {seems wilder.} 9. O-O Be7 10. Re1 Nf6 11. Ne5 O-O) 9. Bb3 {[#]} Nd7 $146 (9... e6 $11 {keeps the balance.}) ({Predecessor:} 9... e6 10. O-O Nf5 11. Bf4 Be7 12. Rc1 O-O 13. Re1 Ba6 14. Nc5 Bb5 15. g4 Nh4 16. Nxh4 Bxh4 {0-1 (45) Salem,A (2675)-Bartel,M (2634) Moscow 2019}) 10. O-O (10. Ne5 $16) 10... e6 $1 $14 11. Ne5 ({Better is} 11. Bf4 $14) 11... Nf6 $2 (11... Nxe5 $11 {and Black has nothing to worry.} 12. dxe5 Nf5) 12. Nc5 ({Much less strong is} 12. Nxc6 Qc7) (12. Bg5 $18 {is more deadly.}) 12... Qc7 (12... Nf5 $16 {was necessary.}) 13. Qe2 $2 (13. Bf4 $18) 13... a5 $2 (13... Nf5 $15 {keeps the upper hand.} 14. Qc4 Bd6) 14. Re1 (14. Ba4 $16 Nb5 15. Nxc6 (15. Bxb5 cxb5 16. Qxb5+ Nd7 $16) 15... Bxc5 16. dxc5) 14... Be7 (14... Nf5 $11 {remains equal.}) 15. a4 (15. Nxc6 $1 $16 {Hoping for Qf3.} O-O 16. Nxe7+ Qxe7 17. Qe5) 15... O-O (15... Nf5 $5 {[%cal Rf5d4]} 16. Qc4 Nd5 $15) 16. Bg5 h6 17. Bxf6 Bxf6 18. Rac1 Qb6 (18... Rd8 $11) 19. Ncd3 $2 (19. Ned7 $14 {stays ahead.} Bxd7 20. Nxd7) 19... Bxe5 ({Don't take} 19... Qxd4 20. Nxc6 Qb6 21. Nde5 $15) ({Black should try} 19... Nf5 $17 20. Rxc6 Qa7) 20. Nxe5 $11 Qxd4 21. Nxc6 Qf6 22. Qd2 Nf5 23. Bc2 $2 (23. Rc5 $15) 23... Bb7 24. Bxf5 {Strongly threatening Bb1.} exf5 25. Ne5 (25. Qd4 $17) 25... Kh8 (25... Rfe8 $19 {and Black stays clearly on top.} 26. Qe2 Re7) 26. Qf4 Rfe8 27. h3 Re6 ({Black should play} 27... g5 $17 28. Qd4 Kg7) 28. Nd3 $2 {[#]} (28. Rc7 $11 {and White is okay.} Be4 29. Nxf7+ Kg8 30. f3 Bxf3 31. Rxe6 Qxe6 32. gxf3 Qe1+ 33. Kh2 Qf2+ 34. Kh1) 28... Rae8 $2 $40 {[%mdl 128] Black attacks.} (28... Rxe1+ $1 $19 29. Rxe1 Be4) 29. Rxe6 fxe6 30. Nc5 $2 (30. Ne5 $1 $11) 30... Bd5 $19 31. Qd6 $2 {[#]} (31. Qd2) 31... Qxb2 (31... Qg5 $142 $1 {[%csl Gd5][%cal Rg5g2]} 32. f3 Qxc1+ {[%mdl 64] Double Attack} 33. Kh2 Qxb2) 32. Re1 Qf6 33. Nd7 {[#]} Qg6 $1 {[%csl Gd5][%cal Rg6g2]} 34. g3 Rd8 35. Ne5 Rxd6 36. Nxg6+ {[%mdl 4096] Endgame KRB-KRN} Kh7 37. Ne5 Rd8 38. Rb1 Be4 39. f4 Bxb1 {Black mates.} 40. Nc6 Rd5 41. Kf2 b3 42. Ne5 b2 43. Nc4 Be4 44. Nxb2 Rd2+ {[%mdl 64] Double Attack} 45. Ke3 Rxb2 46. Kd4 Rb4+ 47. Ke5 Rxa4 48. Kxe6 Ra3 49. Ke5 Rxg3 50. Ke6 Rxh3 51. Kf7 Rf3 52. Ke6 Rxf4 53. Ke7 Rf3 54. Kf8 Rd3 55. Kf7 a4 56. Ke8 a3 57. Kf8 a2 58. Ke7 a1=Q 59. Kf7 Qa6 60. Ke8 Rb3 61. Kf8 Rb7 {[%cal Ra6a8]} 62. Ke8 Qa8# {Quite a comeback for Black. Accuracy: White = 20%, Black = 28%.} 0-1

[Event "Stay Safe Play From Home 149"]
[Site "T#646041Emanuel Laske"]
[Date "2020.05.14"]
[Round "8"]
[White "Indianquant"]
[Black "Lamborghini"]
[Result "0-1"]
[WhiteElo "2287"]
[BlackElo "2355"]
[Annotator "TA"]
[PlyCount "54"]
[EventDate "2020.05.14"]
[EventType "swiss (blitz)"]

{[%evp 20,54,65,72,78,63,87,60,85,48,58,64,63,52,66,64,85,58,51,0,0,-121,-118,-126,-126,-119,-120,-120,-113,-304,-206,-1445,-1410,-1372,-1370,-29991,-29992]} 1. Nf3 g6 2. c4 Bg7 3. e4 c5 4. d4 cxd4 5. Nxd4 Nc6 6. Be3 Nf6 7. Nc3 O-O 8. Be2 b6 9. O-O Bb7 10. f3 d6 11. Qd2 a6 {B38: Sicilian: Maroczy Bind with 5...Bg7 and 7...0-0.} 12. Rfd1 Nd7 13. Rac1 Rc8 {White is slightly better.} 14. Bf1 {[#]} Nxd4 $146 ({Predecessor:} 14... h5 15. Nxc6 Bxc6 16. Qf2 Qc7 17. g3 Qb7 18. Bh3 Rc7 19. Bxd7 Rxd7 20. Bxb6 f5 {0-1 (42) Junker,A (1928)-Schroer,K (2022) Germany 2019}) 15. Bxd4 Bxd4+ 16. Qxd4 Re8 17. b4 Nf6 18. Kh1 Qc7 19. Nd5 ({Better is} 19. Qe3 $14) 19... Bxd5 $11 20. cxd5 (20. exd5 $11 {was the only way to keep the balance.} Red8 21. g3) 20... Qxc1 $17 21. Rxc1 Rxc1 22. Kg1 Rec8 23. Qxb6 Ra1 24. Kf2 $2 {[#] White does not recover from this.} (24. Qxa6 $17 {is a better defense.} Rcc1 25. a4) 24... Rc2+ 25. Kg3 $2 (25. Kg1) 25... Nh5+ $19 26. Kh3 Rxf1 27. Qxa6 {[#]} Rff2 $1 {Accuracy: White = 26%, Black = 82%.} 0-1

[Event "Stay Safe Play From Home 149"]
[Site "T#646041Emanuel Laske"]
[Date "2020.05.14"]
[Round "8"]
[White "Little champs"]
[Black "Tumnik_ad"]
[Result "1-0"]
[WhiteElo "2084"]
[BlackElo "1945"]
[Annotator "TA"]
[PlyCount "103"]
[EventDate "2020.05.14"]
[EventType "swiss (blitz)"]

{[%evp 9,102,79,192,175,178,153,158,140,168,157,222,220,283,273,287,243,508,275,283,220,194,185,231,19,263,271,311,291,784,759,1066,1069,1562,827,818,812,935,898,925,732,1012,986,1027,1011,1027,1023,1940,1970,1845,1541,6303,5285,29998,29970,29970,2503,2521,2187,29993,29994,29994,29995,29995,29995,29996,29995,29996,29995,29995,29995,29995,29995,29997,29995,29996,29995,29996,29997,29997,29996,29996,29995,29995,29996,29996,29996,29996,29997,29997,29998,29998,29998,29999,29999,29999]} 1. e4 c6 2. d4 d6 3. Nc3 Nd7 4. f4 h6 5. Nf3 g5 (5... e5 $16 {was called for.}) 6. fxg5 $18 {B12: Caro-Kann: Advance Variation.} Bg7 7. gxh6 Nxh6 {[#]} 8. Bc4 $146 {White is clearly better.} ({Predecessor:} 8. Bf4 Nf8 9. Qd2 Ng6 10. g3 Bg4 11. Be2 Qa5 12. Be3 Qh5 13. O-O f5 14. Ng5 {0-1 (27) Cukovs,O (1897)-Bimpson,T (1937) Leyland 2019}) 8... Nf6 9. O-O e5 (9... d5 $16) 10. dxe5 dxe5 11. Qxd8+ ({Don't do} 11. Nxe5 Qe7 $18) 11... Kxd8 12. Nxe5 Ke7 $2 {[#]} (12... Nfg4) 13. Bxh6 Bxh6 14. Nxf7 Be3+ 15. Kh1 Rh7 16. Rae1 $2 ({Better is} 16. h3 $18) 16... Bd2 $2 {[#] Black cannot hold the game after this.} (16... Ng4 $1 $11 17. h3 Bd2) 17. Re2 $1 {[%cal Re2d2]} Bxc3 18. bxc3 Be6 $2 (18... a5 19. Ne5 Rg7) 19. Bxe6 Kxe6 20. Ng5+ {[%mdl 64] Double Attack} Ke5 21. Nxh7 Nxh7 {[%mdl 4096] Endgame KRR-KRN} 22. Rf5+ Ke6 23. Ref2 Rd8 24. h3 Rd7 25. Kh2 a6 26. a3 b5 27. Rh5 Nf6 28. Rh6 Rf7 29. g4 Ke5 30. Rfxf6 Rd7 31. Re6+ Kf4 32. Rd6 (32. Rhf6+ $142 Ke3 33. Kg3 c5 34. Rxa6 b4 35. Rad6 Rh7 36. cxb4 Rh8 37. bxc5) 32... Re7 33. Rhe6 Ke3 34. Rxe7 {White mates.} c5 35. e5 c4 36. e6 b4 37. axb4 a5 38. bxa5 Kf4 39. Rd4+ Kg5 40. Rg7+ Kh4 41. Rh7+ Kg5 42. Rh5+ Kg6 43. e7 Kf7 44. Rf5+ Ke8 45. Rdf4 Kxe7 46. Rf6 Kd7 47. Rg6 Ke7 48. Rff6 Kd7 49. Rf7+ Ke8 50. Ra7 {[%cal Rg6g8]} Kd8 51. Rh6 {[%cal Rh6h8]} Kc8 52. Rh8# {Accuracy: White = 52%, Black = 14%.} 1-0